| 000 | 01087nam0a22002651 4500 | ||
|---|---|---|---|
| 001 | rc\3044086 | ||
| 005 | 20250806202101.0 | ||
| 035 | _a(NLR Aleph) 007183939 | ||
| 090 |
_a42700 _c42700 |
||
| 100 | _a20111007d1945 u y0rusy50 ca | ||
| 101 | 0 | _arus | |
| 102 | _aRU | ||
| 105 | _aa z ||||| | ||
| 200 | 1 |
_aТруды ВНИЛП _e(Сборник статей) _fВсесоюз. науч.-исслед. лаборатория пивовар. и дрож. пром-сти "ВНИЛП" |
|
| 210 |
_aМосква _cБ. и. _d1945 _g2-я тип. Речиздата |
||
| 215 |
_a90 с. _cчерт. _d20 см |
||
| 320 | _aБиблиогр. в конце статей | ||
| 710 | 0 | 2 |
_aВсесоюзная научно-исследовательская лаборатория пивоваренной и дрожжевой промышленности _eЛенинград |
| 801 | 0 |
_aRU _bNLR _gpsbo |
|
| 801 | 1 |
_aRU _bELAR _2rusmarc |
|
| 852 |
_aNLR _jТ66 Г-4/173 |
||
| 942 | _cBOOK | ||
| 945 | _aРоссийская национальная библиотека | ||
| 980 | _aNB | ||
| 980 | _aBV | ||